5HLuxD.jpg

KING HENRY VIII SENIOR AND PRIMARY SCHOOL LIBRARY OPAC

THE SECRET GARDEN (Record no. 4589)

000 -LEADER
fixed length control field 00318nam a22001217a 4500
008 - FIXED-LENGTH DATA ELEMENTS--GENERAL INFORMATION
fixed length control field 250304b ||||| |||| 00| 0 eng d
020 ## - INTERNATIONAL STANDARD BOOK NUMBER
International Standard Book Number 9780545872607
082 ## - DEWEY DECIMAL CLASSIFICATION NUMBER
Classification number FIC STI
100 ## - MAIN ENTRY--PERSONAL NAME
Personal name STILTON,GERONIMO
Relator term AUTHOR
245 ## - TITLE STATEMENT
Title THE SECRET GARDEN
260 ## - PUBLICATION, DISTRIBUTION, ETC.
Place of publication, distribution, etc. 557 BROADWAY,NEW YORK,NY 10012
Name of publisher, distributor, etc. SCHOLASTIC INC
942 ## - ADDED ENTRY ELEMENTS (KOHA)
Source of classification or shelving scheme
Holdings
Withdrawn status Lost status Source of classification or shelving scheme Damaged status Not for loan Collection code Permanent Location Current Location Shelving location Date acquired Total Checkouts Full call number Barcode Date last seen Date last checked out Price effective from Koha item type Public note
          Fiction KH8 Primary School Library KH8 Primary School Library Fiction 2025-03-04 2 FIC STI KHPL000006421 2025-12-05 2025-06-09 2025-03-04 Books - Fiction KH8 PRIMARY LIBRARY

Powered By KH8 IT Dept